| 000 -LEADER |
| fixed length control field |
01106cam a2200205 a 4500 |
| 020 ## - INTERNATIONAL STANDARD BOOK NUMBER |
| ISBN |
9789251061510 |
| 020 ## - INTERNATIONAL STANDARD BOOK NUMBER |
| ISBN |
9251061513 |
| 040 ## - CATALOGING SOURCE |
| Transcribing agency |
BTCTA |
| 082 ## - DEWEY DECIMAL CLASSIFICATION NUMBER |
| Classification number |
341 FOO 2009 A077 Or. |
| 100 1# - MAIN ENTRY--AUTHOR NAME |
| Personal name |
Morgera, Elisa |
| 245 10 - TITLE STATEMENT |
| Title |
Forest fires and the law : |
| Remainder of title |
a guide for national drafters based on the Fire management voluntary guidelines / |
| 260 ## - PUBLICATION, DISTRIBUTION, ETC. (IMPRINT) |
| Place of publication |
Rome : |
| Name of publisher |
Food and Agriculture Organization of the United Nations, |
| Year of publication |
2009 |
| 300 ## - PHYSICAL DESCRIPTION |
| Number of Pages |
xii, 161 p. ; |
| Dimensions |
24 cm |
| 520 ## - SUMMARY, ETC. |
| Summary, etc |
Forest fires impact upon livelihoods, ecosystems and landscapes. The Fire Management Voluntary Guidelines address the cultural, social, environmental and economic dimensions of fire management at all levels. This study identifies the elements of a coherent national legal framework on forest fires, identifying emerging trends and singling out best practices and innovative legal solutions.--Publisher's description |
| 650 #0 - SUBJECT ADDED ENTRY--TOPICAL TERM |
| Topical Term |
Forest fires |
| 700 1# - ADDED ENTRY--PERSONAL NAME |
| Personal name |
Cirelli, M. T. |
| 710 2# - ADDED ENTRY--CORPORATE NAME |
| Corporate name or jurisdiction name as entry element |
Food and Agriculture Organization of the United Nations. |
| 856 11 - ELECTRONIC LOCATION AND ACCESS |
| Uniform Resource Identifier |
ftp://ftp.fao.org/docrep/fao/011/i0488e/i0488e00.pdf |
| 942 ## - ADDED ENTRY ELEMENTS (KOHA) |
| Koha item type |
សៀវភៅភាសាអង់គ្លេស |
| 952 ## - LOCATION AND ITEM INFORMATION (KOHA) |
| Withdrawn status [LOCAL, KOHA] |
0 |